Malaysia: (Record no. 4586)

MARC details
000 -LEADER
fixed length control field 00615nam a2200193 a 4500
005 - DATE AND TIME OF LATEST TRANSACTION
control field 20260112063320.0
020 ## - INTERNATIONAL STANDARD BOOK NUMBER
International Standard Book Number 9789384052133
039 ## - LEVEL OF BIBLIOGRAPHIC CONTROL AND CODING DETAIL [OBSOLETE]
Level of rules in bibliographic description 202109271611
Level of effort used to assign nonsubject heading access points staff
Level of effort used to assign subject headings 201411271540
Level of effort used to assign classification staff
-- 201411071039
-- staff
082 ## - DEWEY DECIMAL CLASSIFICATION NUMBER
Classification number 959.5 DAS [ Shelf 80]
245 ## - TITLE STATEMENT
Title Malaysia:
Remainder of title Challenges & Perspectives edited by
Statement of responsibility, etc. Jitendra K Das & Hitesh Arora
260 ## - PUBLICATION, DISTRIBUTION, ETC.
Place of publication, distribution, etc. New Delhi:
Name of publisher, distributor, etc. Bloomsbury ;
Date of publication, distribution, etc. 2014
300 ## - PHYSICAL DESCRIPTION
Extent ix, 358p.
Dimensions 24cm.
650 ## - SUBJECT ADDED ENTRY--TOPICAL TERM
Topical term or geographic name entry element Malaysia
700 ## - ADDED ENTRY--PERSONAL NAME
Personal name Das, Jitendra K
700 ## - ADDED ENTRY--PERSONAL NAME
Personal name Arora, Hitesh
991 ## -
-- VIRTUA40
991 ## -
-- VTLSSORT0080*0200*0820*2450*2600*3000*6500*7000*7001*9992
909 ## -
-- 5121
Holdings
Withdrawn status Lost status Damaged status Not for loan Home library Current library Date acquired Total checkouts Full call number Barcode Copy number Koha item type
        Indian Institute Of Management, Shillong Indian Institute Of Management, Shillong 07/11/2014   959.5 DAS [ Shelf 80] 0011415   Reference
Copyright © 2026 Indian Institute of Management Shillong. All Rights Reserved.